| 000 | 01203nam0a22002771 4500 | ||
|---|---|---|---|
| 001 | rc\266922 | ||
| 005 | 20260407013025.0 | ||
| 010 |
_a5-7299-0038-4 _9500 |
||
| 035 | _a(NLR Aleph) 005473181 | ||
| 090 |
_a5065792 _c5065792 |
||
| 100 | _a20030307d1995 |||y0rusy50 ca | ||
| 101 | 0 | _arus | |
| 102 | _aRU | ||
| 105 | _ay ||||||||| | ||
| 200 | 1 |
_aРусская школа за рубежом _eИст. опыт 20-х гг. _eСб. док. _fГос. арх. Рос. Федерации _g[Сост. В.А. Владыкина, Т.Ю. Красовицкая _gРедкол.: М.Н. Кузьмин, чл.-корр. РАО (отв. ред.) и др.] |
|
| 210 |
_aМ. _cИНПО _d1995 |
||
| 215 |
_a194 с. _d29 |
||
| 225 | 1 |
_aНациональная школа _fИн-т нац. проблем образования |
|
| 320 | _aУказ. имен: с. 188-191 | ||
| 702 | 1 |
_aВладыкина _bВ.А. _gВалентина Аркадьевна _4220 |
|
| 712 | 0 | 2 |
_aИнститут национальных проблем образования _cМосква _3RU\NLR\AUTH\8810000957 _9499078 |
| 801 | 0 |
_aRU _bNLR _gpsbo |
|
| 801 | 1 |
_aRU _bELAR _2rusmarc |
|
| 852 |
_aNLR _j96-8/1428 |
||
| 942 | _cBOOK | ||
| 980 | _aNB | ||